| 000 | 00594nam a22001817a 4500 | ||
|---|---|---|---|
| 003 | OSt | ||
| 005 | 20251024051600.0 | ||
| 008 | 251022b |||||||| |||| 00| 0 eng d | ||
| 020 | _a978-0-521-68378-4. | ||
| 040 |
_aDWCL-Main lib _cOC |
||
| 082 | _aCirc. 341.48 P896 2007 | ||
| 245 |
_aThe practice of human rights : _btracking law between the global and the local |
||
| 260 |
_aCambridge : _bCambridge University Press, _cc2007. |
||
| 300 |
_axii, 384 pages ; _c23 cm. |
||
| 504 | _aIncludes bibliographical references and index. | ||
| 650 | _21. Human rights. | ||
| 942 |
_2ddc _cBK-CIRC _kCirc. _n0 |
||
| 999 |
_c4994 _d4994 |
||